000 00307nam a22001217a 4500
020 _a9781847558619
082 _a627.01
_bQUE/WA
245 _aWater System Science and Policy Interfacing
260 _aCambridge
_bRSC Publishing
_c2010
300 _a430
700 _aQuevauviller,Philippe
_9720
942 _cREF
999 _c14436
_d14436